| 000 | 00326nam a22001337a 4500 | ||
|---|---|---|---|
| 020 | _a0-470-20312-9 | ||
| 082 | _a658.5 GHA'M | ||
| 100 |
_aGHOSH, A, MALLIK, A. K _966429 |
||
| 245 | _aMANUFACTURING SCIENCE | ||
| 260 |
_aNEWYORK _bJOHN WILEY _c1986 |
||
| 300 | _a433P | ||
| 650 |
_aPRODUCTION ENGINEERING _92471 |
||
| 942 | _cBK | ||
| 999 |
_c574404 _d574404 |
||